| 000 | 02564nam a22002657a 4500 | ||
|---|---|---|---|
| 999 |
_c32103 _d32103 |
||
| 001 | 593 | ||
| 003 | CO-MdFUSB | ||
| 005 | 20171004092020.0 | ||
| 008 | 171004t2006 sp ||||| |||| 00| 0 spa d | ||
| 020 | _a84-8169-370-7 | ||
| 040 |
_aCO-MdFUSB _bspa _cCO-MdFUSB _dCO-MdFUSBC _erda |
||
| 041 | _aspa | ||
| 082 | 0 | 4 | _aG 224.607 S511d |
| 100 | 1 |
_aSevilla Jiménez, Cristóbal (1962-) _eautor |
|
| 245 | 3 |
_aEl desierto en el profeta Oseas _c/ Cristóbal Sevilla Jiménez |
|
| 264 | 4 |
_aEstella, Navarra : _bVerbo Divino, _c©2006 |
|
| 300 | _a285 p. | ||
| 336 |
_2rdacontent _atexto _btxt |
||
| 337 |
_2rdamedia _asin mediación _bn |
||
| 338 |
_2rdacarrier _avolumen _bnc |
||
| 500 | _aIncluye índice de citas bíblicas, índice de palabras y expresiones hebreas e índice de autores | ||
| 505 | 0 | 0 | _aEl método de lectura y análisis de estos textos -- El tratamiento de este tema en estudios anteriores \ I PARTE: Os 2,16-17. Del desierto del profeta al desierto de YHWH -- El profeta y la iniciativa divina en 2,4-25 y en el contexto de los capítulos 1-3 -- La promesa de la viña en el desierto -- La transformación del valle de Akor -- El desierto de YHWH -- La inspiración del desierto y el comienzo de la misión de Oseas -- Del desierto mítico al desierto del éxodo -- El tiempo del éxodo y las etapas de la vida de Israel \ II PARTE: Os 9,10. La crisis de la guerra siroefraimita y el desierto -- YHWH y el profeta en el contexto de 9,10-17 -- Egipto en el contexto del cap. 9 -- La descripción del exilio en 9,6 -- Conclusión: la situación histórica y la imagen del desierto \ III PARTE: Os 11,1-4. Lo que YHWH hizo y todavía puede hacer en el desierto -- El Dios médico -- Los vínculos entre YHWH e Israel -- La imagen del yugo y la alianza -- El desierto y el don de la Ley -- El Dios del éxodo \ IV PARTE: Os 12,10-11. El desierto y los profetas -- La querella de YHWH contra Israel -- YHWH, el profeta, y el pueblo en el contexto del capítulo 12 -- YHWH, el Dios del éxodo -- El desierto y los profetas -- Moisés y los profetas en Os 12,11.14 \ V PARTE: Os 13,4-6. La difícil misericordia de YHWH durante la crisis final de Samaría -- El juicio de YHWH --YHWH conoció a Israel en el desierto -- Un desierto de tierra ardiente -- El viento que se levantará del desierto \ CONCLUSIONES: El discurso de Oseas y el desierto -- El desierto y la crisis de los últimos años del reino de Israel -- La pervivencia del --pensamiento de Oseas -- Jeremías |
| 653 | _aBiblia A.T. - Profetas - Comentarios - Desierto | ||
| 942 | _cBK | ||